000 00641nam a2200169 4500
001 3525
005 20181127171415.0
020 0 0 _a
090 0 0 _a342.07 C7467gu 2012
110 _aElection Commission of Bhutan.
_b
_c
_d
_e
_n
_p
245 0 0 _aGuidelines for implementation of section 179(A) & (G) of the election act of Kingdom of Bhutan relating to disqualification of nominations of voters convicted for criminal offence or pending criminal charges /
_b
_cElection Commission of Bhutan.
_h
250 0 0 _a
260 0 0 _aThimphu :
_bElection Commission of Bhutan,
_c2012.
300 0 0 _av. ; 21 cm.
500 0 0 _a
650 0 0 _aElection law --Bhutan.
_x
999 _c2863
_d2863